La cuestión con Chile

Uloženo v:
Podrobná bibliografie
Hlavní autor: Carril, Bonifacio del (Autor)
Médium: Kniha
Jazyk:španělština
Vydáno: Buenos Aires Emecé 1984
Témata:
Tagy: Přidat tag
Žádné tagy, Buďte první, kdo vytvoří štítek k tomuto záznamu!

MARC

LEADER 00000nam a2200000 a 4500
001 UCO8123
003 CL-VaPUC
008 001201e19840000AG |||||||||||||||||spa|d
082 0 4 |a 341.42  |b CAR  |2 21 
100 0 |a Carril, Bonifacio del  |e author  |9 452885 
245 1 3 |a La cuestión con Chile 
300 |a 142 p 
942 |c BK 
945 |d 20001201 00:00:00  |a crobeson 
260 |a Buenos Aires  |b Emecé  |c 1984 
500 |a Donación del profesor Manfred Wilhelmy von Wolff 
650 0 |a Problemas limítrofes  |9 266724 
650 0 |a Arbitraje internacional  |9 367460 
650 7 |a DERECHOS TERRITORIALES  |2 CL-VaPUC  |9 266725 
650 7 |a DERECHO INTERNACIONAL PUBLICO  |2 CL-VaPUC  |9 452887 
651 0 |a Argentina  |9 254888 
651 7 |a CHILE  |2 CL-VaPUC  |9 452888 
583 |a last modification  |c 20001201 00:00:00  |k Rodrigo Vera 
999 |c 292854  |d 292852 
952 |0 0  |1 0  |4 0  |6 341_420000000000000_CAR_1984  |7 0  |8 A  |9 343930  |a BIBHIS  |b BIBHIS  |d 2019-11-20  |i 123563K  |o 341.42 CAR 1984  |p 123563K  |r 2025-01-20  |w 2019-11-20  |y BK  |k HIS